विज्ञान और प्रौद्योगिकी: (Record no. 183445)

MARC details
000 -LEADER
fixed length control field 00882nam a22001937a 4500
005 - DATE AND TIME OF LATEST TRANSACTION
control field 20211224160256.0
010 ## - LCCN (DPL NO)
LC control number HIN-121525
020 ## - INTERNATIONAL STANDARD BOOK NUMBER
Terms of availability 429.00
International Standard Book Number 978-93-5460-134-7
035 ## - SYSTEM CONTROL NUMBER
System control number HN-93871
037 ## - SOURCE OF ACQUISITION
Source of stock number/acquisition DBAD/PUB
082 ## - DEWEY DECIMAL CLASSIFICATION NUMBER
Classification number 500
Item number 1
100 ## - MAIN ENTRY--PERSONAL NAME
Personal name अग्रहरि, रवि पी
245 ## - TITLE STATEMENT
Title विज्ञान और प्रौद्योगिकी:
Remainder of title सिविल सेवाओ की प्रारम्भिक एवं मुख्य परीक्षा हेतु/
Statement of responsibility, etc रवि पी अग्रहरि
250 ## - EDITION STATEMENT
Edition statement 5वा संस्करण
260 ## - PUBLICATION, DISTRIBUTION, ETC. (IMPRINT)
Place of publication, distribution, etc Chennai
Name of publisher, distributor, etc McGraw Hill Education Private Limited
Date of publication, distribution, etc 2022
270 ## - ADDRESS
Address Anjana Complex No. 5/90 A, Butt Road, St. Thomas Mount
City Chennai
Postal code 600016
300 ## - PHYSICAL DESCRIPTION
Extent xii,704 पृ
Dimensions 24 सेमी (सजिल्द)
942 ## - ADDED ENTRY ELEMENTS (KOHA)
Source of classification or shelving scheme Dewey Decimal Classification
Item type Hindi Books
Call number suffix अग्रह
Classification part 500
Holdings
Withdrawn status Lost status Not for loan Collection code Home library Current library Date acquired Source of acquisition Cost, normal purchase price Full call number Barcode Copy number Cost, replacement price Koha item type
      Non-fiction Mobile Library Mobile Library 24/12/2021 DBAD/PUB 429.00 500 अग्रह HN-93871 1 429.00 Hindi Books

© Delhi Public Library
Hit Counter
free hit counter